Topless (Record no. 145732)

MARC details
000 -LÍDER
campo de controle de tamanho fixo 00383 a2200169 4500
001 - NÚMERO DE CONTROLE
campo de controle 145732
040 ## - FONTE DA CATALOGAÇÃO
Instituição que transcreveu o registro Leonardo Da Vinci
041 ## - CÓDIGO DE IDIOMA
Código do idioma do texto/trilha sonora ou título diferente Português
082 ## - CDD - CLASSIFICAÇÃO DECIMAL DE DEWEY
Número de Classificação 869.98 M488t
Número do exemplar M488t
100 ## - ENTRADA PRINCIPAL--NOME PESSOAL
Nome pessoal MEDEIROS, Martha
245 ## - TÍTULO
Título Topless
260 ## - PUBLICAÇÃO, DISTRIBUIÇÃO, ETC.
Nome do editor, distribuidor, etc. L e PM
Data da publicação, distribuição, etc. 2015
Local de publicação, distribuição, etc. Porto Alege
300 ## - DESCRIÇÃO FÍSICA
Extensão 171
362 ## - DATAS DE PUBLICAÇÃO E/OU DESIGNAÇÃO SEQUENCIAL
Datas de publicação e/ou designação sequencial 20150000
697 ## - ENTRADA DE ASSUNTO LOCAL--ENTIDADE COLETIVA (RLIN)
Nome corporativo ou nome da jurisdição Ficção brasileira
-- Crônicas
942 ## - ELEMENTOS DE ENTRADA ADICIONADOS (KOHA)
Tipo de material Koha Livros
Holdings
Situação do descarte Situação das perdas Situação física Não pode ser emprestado Biblioteca de origem Biblioteca atual Data de aquisição Total de empréstimos Número de chamada completo Código de barras Data de último acesso Data do preço efetivo Tipo de material Koha
        LEONARDO DA VINCI - BUTANTÃ LEONARDO DA VINCI - BUTANTÃ 27/03/2024   869.98 M488t T00861 27/03/2024 27/03/2024 Livros
        LEONARDO DA VINCI - BUTANTÃ LEONARDO DA VINCI - BUTANTÃ 27/03/2024   869.98 M488t T00863 27/03/2024 27/03/2024 Livros
        Leonardo Da Vinci - Alphaville 1 Leonardo Da Vinci - Alphaville 1 27/03/2024   869.98 M488t A00772LVA 27/03/2024 27/03/2024 Livros
        Leonardo Da Vinci - Alphaville 1 Leonardo Da Vinci - Alphaville 1 27/03/2024   869.98 M488t A00773LVA 27/03/2024 27/03/2024 Livros
        Leonardo Da Vinci - Osasco Leonardo Da Vinci - Osasco 27/03/2024   869.98 M488t b00022 27/03/2024 27/03/2024 Livros
        Leonardo Da Vinci - Osasco Leonardo Da Vinci - Osasco 27/03/2024   869.98 M488t V00280 27/03/2024 27/03/2024 Livros
        Leonardo Da Vinci - Osasco Leonardo Da Vinci - Osasco 27/03/2024   869.98 M488t O016866 27/03/2024 27/03/2024 Livros
        Leonardo Da Vinci - Osasco Leonardo Da Vinci - Osasco 27/03/2024   869.98 M488t O016867 27/03/2024 27/03/2024 Livros
        Leonardo Da Vinci - Osasco Leonardo Da Vinci - Osasco 27/03/2024   869.98 M488t O016868 27/03/2024 27/03/2024 Livros
        Leonardo Da Vinci - Osasco Leonardo Da Vinci - Osasco 27/03/2024   869.98 M488t O016869 27/03/2024 27/03/2024 Livros